| 000 | 00967nam a2200229 a 4500 | ||
|---|---|---|---|
| 999 |
_c11103 _d11103 |
||
| 001 | 11103 | ||
| 003 | BD-JhCC | ||
| 005 | 20210926134021.0 | ||
| 008 | 190629s20102015bg a|||| |||| 000 0 ben d | ||
| 020 | _a9789848980385 | ||
| 035 | _a(BD-JhCC)11103 | ||
| 040 |
_aBD-JhCC _dBD-JhCC |
||
| 041 | _aben | ||
| 082 |
_a006.78 _bJAH 2015 |
||
| 100 | _aজাহান, মোহাম্মদ ইশতিয়াক | ||
| 245 |
_aওয়ার্ডপ্রেস ৪.১ ভার্সন : _bনিজে নিজে ব্লগ ও ওয়েব সাইট তৈরি / _cমোহাম্মদ ইশতিয়াক জাহান, |
||
| 260 |
_aঢাকা : _bসিসটেক পাবলিকেশন্স লিমিটেড, _c২০১৫. |
||
| 300 |
_a৪১২ পৃ. : _bচিত্রবলী সংযোজিত; _c২৪ সেমি. |
||
| 650 | _aWord Press | ||
| 650 | _aWeb site development | ||
| 942 |
_2ddc _cBK _04 |
||